Online katalóg knižníc regiónu Turca

Básničky zo školskej lavice (Record no. 21248)

MARC details
000 -LEADER
fixed length control field 01685nam a2200505 a 4500
001 - CONTROL NUMBER
control field 21248
003 - CONTROL NUMBER IDENTIFIER
control field VRT
005 - DATE AND TIME OF LATEST TRANSACTION
control field 20260225145505.0
008 - FIXED-LENGTH DATA ELEMENTS--GENERAL INFORMATION
fixed length control field 240318s2016 xr a b 000 p slo
015 ## - NATIONAL BIBLIOGRAPHY NUMBER
National bibliography number SNBZSA2016
020 ## - INTERNATIONAL STANDARD BOOK NUMBER
International Standard Book Number 9788026410157
Qualifying information (viazané)
035 ## - SYSTEM CONTROL NUMBER
System control number F7DE78A4-327B-43A1-97D8-E49EE08FFC57
035 ## - SYSTEM CONTROL NUMBER
System control number urn:nbn:sk:snk-amlp3c
035 ## - SYSTEM CONTROL NUMBER
System control number urn:nbn:sk:snk-am00bxe0
039 #9 - LEVEL OF BIBLIOGRAPHIC CONTROL AND CODING DETAIL [OBSOLETE]
Level of rules in bibliographic description 202403182238
Level of effort used to assign nonsubject heading access points VLOAD
Level of effort used to assign subject headings 201912040847
Level of effort used to assign classification csnk10
Level of effort used to assign subject headings 201707060931
Level of effort used to assign classification VLOAD
Level of effort used to assign subject headings 201611161002
Level of effort used to assign classification mtotk19
040 ## - CATALOGING SOURCE
Original cataloging agency PPPK
Language of cataloging slo
Transcribing agency PPPK
Modifying agency SNK
Description conventions AACR2
041 0# - LANGUAGE CODE
Language code of text/sound track or separate title slo
044 ## - COUNTRY OF PUBLISHING/PRODUCING ENTITY CODE
MARC country code xr
ISO country code CZ
072 #7 - SUBJECT CATEGORY CODE
Subject category code 821.162.4-1
Subject category code subdivision Slovenská poézia
Source konspekt
072 #7 - SUBJECT CATEGORY CODE
Subject category code 821-93
Subject category code subdivision Literatúra pre deti a mládež (beletria)
Source konspekt
080 ## - UNIVERSAL DECIMAL CLASSIFICATION NUMBER
Universal Decimal Classification number 821.162.4-1
Edition identifier 2011
080 ## - UNIVERSAL DECIMAL CLASSIFICATION NUMBER
Universal Decimal Classification number 82-93-053.2
Edition identifier 2011
100 1# - MAIN ENTRY--PERSONAL NAME
Personal name Pavlíková, Jana
Titles and words associated with a name (poetka)
Relationship aut
245 10 - TITLE STATEMENT
Title Básničky zo školskej lavice
Statement of responsibility, etc. Jana Pavlíková ; ilustrácie: Natália Zavaďáková
250 ## - EDITION STATEMENT
Edition statement 1. vyd.
260 ## - PUBLICATION, DISTRIBUTION, ETC.
Place of publication, distribution, etc. V Brne
Name of publisher, distributor, etc. CPress
Date of publication, distribution, etc. 2016
300 ## - PHYSICAL DESCRIPTION
Extent 63 s.
Other physical details ilustr.
Dimensions 23 cm
500 ## - GENERAL NOTE
General note Vydalo vydavateľstvo CPress v spoločnosti Albatros Media
655 #7 - INDEX TERM--GENRE/FORM
Genre/form data or focus term slovenská poézia
Source of term SNKPH
655 #7 - INDEX TERM--GENRE/FORM
Genre/form data or focus term publikácie pre deti
Source of term SNKPH
655 #7 - INDEX TERM--GENRE/FORM
Genre/form data or focus term Slovak poetry
Source of term SNKPHeng
655 #7 - INDEX TERM--GENRE/FORM
Genre/form data or focus term Children's literature
Source of term SNKPHeng
700 1# - ADDED ENTRY--PERSONAL NAME
Personal name Zavaďáková, Natália
Relationship ill
752 ## - ADDED ENTRY--HIERARCHICAL PLACE NAME
Country or larger entity Česko
City Brno
910 ## - USER-OPTION DATA (OCLC)
User-option data pppk
910 ## - USER-OPTION DATA (OCLC)
User-option data pokpoh
910 ## - USER-OPTION DATA (OCLC)
User-option data vthk
910 ## - USER-OPTION DATA (OCLC)
User-option data skpk
910 ## - USER-OPTION DATA (OCLC)
User-option data sllk
910 ## - USER-OPTION DATA (OCLC)
User-option data bjkdg
910 ## - USER-OPTION DATA (OCLC)
User-option data snk
910 ## - USER-OPTION DATA (OCLC)
User-option data totk
942 ## - ADDED ENTRY ELEMENTS (KOHA)
Source of classification or shelving scheme Dewey Decimal Classification
Koha item type Krásna literatúra pre deti
Suppress in OPAC No
949 ## - LOCAL PROCESSING INFORMATION (OCLC)
6 17A1198496
a snkSC 170433
b snk2016/16034
o Vydavatelství a nakladatelství Aleš Čeněk57-ah/3Int. č. fa – 39/2016
s 6100:20161005
Holdings
Stav vyradenia Strata Poškodenie Spôsob nadobudnutia Domovská knižnica Aktuálna knižnica Dátum nadobudnutia Total checkouts Čiarový kód exemplára Date last seen Typ exemplára
      Dar Obecná knižnica Turčianska Štiavnička Obecná knižnica Turčianska Štiavnička 25.02.2026   4738000024 25.02.2026 Krásna literatúra pre deti
Projekt je podporený Slovenskou asociáciou knižníc
Prevádzkuje Turčianska knižnica Martin 2026